The MCU Character Ultimate Quiz - Statistics

General Stats
  • This quiz has been taken 663 times
  • The average score is 37 of 42
Answer Stats
Hint Answer % Correct
rich guy Iron Man
100%
rich guy's real name Tony Stark
99%
star spangled man with a plan Captain America
97%
big green guy Hulk
97%
rich guy's actor Robert Downey Jr
97%
the god of thunder Thor
97%
former russian spy Black Widow
96%
big green guy's real name Bruce Banner
95%
star spangled man with a plan's actor Chris Evans
95%
god of thunders actor Chris Hemsworth
95%
star spangled man with a plan's real name Steve Rogers
95%
sharp shooter Hawkeye
94%
the king of wakanda Black Panther
93%
the teenager who got his homework done Spider-Man
93%
the tiny guy who can also be huge and normal sized Ant-Man
92%
caps new best friend Falcon
92%
big green guy's actor Mark Ruffalo
92%
former russian spy's real name Natasha Romanoff
92%
the teenagers real name Peter Parker
92%
cap's old best friends real name Bucky Barnes
91%
the really fast guy Quicksilver
91%
the girl with mind control The Scarlet Witch
91%
cap's old best friend The Winter Solider
91%
the teenagers actor (Civil War and on) Tom Holland
90%
the creator of most of these superheroes Stan Lee
89%
tony's friend in the gray suit War Machine
89%
sharp shooter's real name Clint Barton
88%
the girl with mind control's real name Wanda Maximoff
87%
sharp shooters actor Jeremy Renner
86%
the tiny guys actor Paul Rudd
86%
the king of wakanda's real name T'Challa
86%
the girl with mind control's actress elizabeth olsen
84%
caps old best friend's actor Sebastian Stan
84%
the really fast guy's real name Pietro Maximoff
83%
former russian spy's actress Scarlett Johansson
83%
the tiny guys real name Scott Lang
83%
caps new best friend's real name Sam Wilson
82%
caps new best friend's actor Anthony Mackie
78%
the king of wakanda's actor Chadwick Boseman
78%
tony's friend's real name James Rhodes
78%
tony's friend's actor Don Cheadle
68%
the really fast guy's actor (The Avengers) Aaron Taylor-Johnson
61%
No matching quizzes found
Score Distribution
Percent of People with Each Score
Percentile by Number Answered
Your Score History
You have not taken this quiz